Statistics for NBA Players With Most Threes All-Time

Click here to take the quiz!

General Stats

  • This quiz has been taken 31 times
  • The average score is 9 of 15

Answer Stats

HintAnswer% Correct
3,548Stephen Curry
100%
2,841James Harden
93%
2,338Lebron James
93%
2,329Klay Thompson
90%
2,973Ray Allen
90%
2,560Reggie Miller
87%
2,490Damian Lillard
80%
2,450Kyle Korver
60%
2,290Vince Carter
57%
2,132Paul George
40%
1,988Jason Kidd
33%
2,143Paul Pierce
33%
2,282Jason Terry
30%
2,221Jamal Crawford
23%
2,140Kyle Lowry
20%

Score Distribution

Percentile by Number Answered

Percent of People with Each Score

Your Score History

You have not taken this quiz